The central executive / (Record no. 130083)

MARC details
000 -LEADER
fixed length control field 00661nam a22002297a 4500
005 - DATE AND TIME OF LATEST TRANSACTION
control field 20170124110107.0
010 ## - LIBRARY OF CONGRESS CONTROL NUMBER
LC control number 765349
020 ## - INTERNATIONAL STANDARD BOOK NUMBER
Terms of availability 00.00
035 ## - SYSTEM CONTROL NUMBER
System control number 765349
037 ## - SOURCE OF ACQUISITION
Source of stock number/acquisition Cen Lib/Ret
040 ## - CATALOGING SOURCE
Original cataloging agency DPL
Language of cataloging EN
082 ## - DEWEY DECIMAL CLASSIFICATION NUMBER
Classification number 354.54
Item number KHE
100 ## - MAIN ENTRY--PERSONAL NAME
Personal name Khera, S.S.
9 (RLIN) 28229
245 ## - TITLE STATEMENT
Title The central executive /
Statement of responsibility, etc by S.S.Khera
260 ## - PUBLICATION, DISTRIBUTION, ETC. (IMPRINT)
Name of publisher, distributor, etc Orient Longman
Place of publication, distribution, etc New Delhi
Date of publication, distribution, etc 1975
270 ## - ADDRESS
Address 1/24, Asaf Ali Road
Postal code 110002
City New Delhi
300 ## - PHYSICAL DESCRIPTION
Extent xi,334p.
Dimensions 20cm(Hb)
500 ## - GENERAL NOTE
General note Includes index
650 ## - SUBJECT ADDED ENTRY--TOPICAL TERM
Topical term or geographic name as entry element Executive departments
9 (RLIN) 28230
650 ## - SUBJECT ADDED ENTRY--TOPICAL TERM
Topical term or geographic name as entry element India -- Politics and government -- 1947
9 (RLIN) 14822
942 ## - ADDED ENTRY ELEMENTS (KOHA)
Source of classification or shelving scheme Dewey Decimal Classification
Koha item type English Books
Classification part 354.54
Call number suffix KHE
Holdings
Withdrawn status Lost status Damaged status Not for loan Home library Current library Date acquired Source of acquisition Cost, normal purchase price Total Checkouts Full call number Barcode Date last seen Copy number Cost, replacement price Price effective from Koha item type Public note
Written off       Central Library Central Library 08/07/2015 Cen Lib/Ret 0.00   354.54 KHE 765349 08/07/2015 1 0.00 08/07/2015 English Books W/d List No. 6889/11 ; dtd 10/09/2020

© Delhi Public Library
Hit Counter
free hit counter